000 00553nam a22002051a 4500
001 10441
003 OSt
005 20260204212159.0
008 090202s200?||||dr ||||||b||||||||||spa||
020 _a9945402013
050 _aRD 972.9368 B221s
110 _aBanco del Reservas de la República Dominicana
245 _aSánchez Ramírez
264 _aSanto Domingo : Banreservas
300 _a105 p
490 _aFragmento de la Patria
500 _aIncluye bibliografía
650 _aHistoria - Provincia Sánchez RamírezÌ
942 _2ddc
_cBK
999 _c10441
_d10441